| 000 | 00900cam a2200241 4500 | ||
|---|---|---|---|
| 008 | 000000n1999 000 0 eng u | ||
| 020 | _a0415185610 | ||
| 035 | _a(Sirsi) u112991 | ||
| 050 | _a333.72 | ||
| 100 | _aBarrow, C.J. | ||
| 245 | _aEnvironmental management : principles and practice. | ||
| 260 |
_aLondon _bRoutledge _c1999 |
||
| 300 | _aix,326p. ; 25cm. | ||
| 350 | _a19.99 | ||
| 520 | _aCovers the full breadth of principles, practice and policy issues concerned with environmental management, providing a comprehensive resource and reference point for students and practitioners in this field. | ||
| 650 | _aENVIRONMENTAL MANAGEMENT | ||
| 650 | _aPRECAUTIONARY PRINCIPLE | ||
| 650 | _aPOLLUTER PAYS PRINCIPLE | ||
| 650 | _aSUSTAINABLE DEVELOPMENT | ||
| 650 | _aENVIRONMENTAL POLICY | ||
| 690 | _aENVIRONMENTAL AND LAND CONSULTANCY-ENVIRONMENTAL MANAGEMENT | ||
| 942 | _n0 | ||
| 999 |
_c101492 _d101492 |
||